[Event "Police Gniota Memorial 28th"]
[Site "Police"]
[Date "2013.07.16"]
[Round "7"]
[White "Dogoda, Rafal"]
[Black "Schroeder, Kevin"]
[Result "0-1"]
[WhiteElo "1895"]
[BlackElo "2079"]
[PlyCount "58"]
[EventDate "2013.07.10"]
[EventType "swiss"]
[EventRounds "9"]
[EventCountry "POL"]
[SourceTitle "CBM 155 Extra"]
[Source "ChessBase"]
[SourceDate "2013.08.26"]
[SourceVersion "1"]
[SourceVersionDate "2013.08.26"]
[SourceQuality "1"]

1. d4 Nf6 2. c4 g6 3. Nc3 d5 4. Nf3 Bg7 5. cxd5 Nxd5 6. e4 Nxc3 7. bxc3 c5 8. Be3 Qa5 9. Qd2 Nc6 10. Rd1 Bg4 11. Be2 0-0-0 12. 0-0 Bxf3 13. Bxf3 cxd4 14. cxd4 Qxd2 15. Rxd2 Bxd4 16. Bf4 Be5 17. Bxe5 Nxe5 18. Rc2+ Kb8 19. Be2 Rd4 20. f4 Nc6 21. e5 Rhd8 22. Bf3 Rxf4 23. Rb1 Rb4 24. Rxb4 Nxb4 25. Rb2 Nd5 26. e6 fxe6 27. Re2 Rd6 28. Bg4 h5 29. Bf3 Nf6 0-1

[Event "Police Gniota Memorial 26th"]
[Site "Police"]
[Date "2011.07.12"]
[Round "8"]
[White "Dogoda, Rafal"]
[Black "Graf, Pawel"]
[Result "1-0"]
[WhiteElo "1870"]
[BlackElo "2141"]
[PlyCount "135"]
[EventDate "2011.07.05"]
[EventType "swiss"]
[EventRounds "9"]
[EventCountry "POL"]
[SourceTitle "CBM 143 Extra"]
[Source "ChessBase"]
[SourceDate "2011.08.29"]
[SourceVersion "1"]
[SourceVersionDate "2011.08.29"]
[SourceQuality "1"]

1. d4 c5 2. d5 e5 3. e4 d6 4. c4 Be7 5. Bd3 Bg5 6. Nf3 Bxc1 7. Qxc1 Nf6 8. Nc3 0-0 9. 0-0 Nbd7 10. a3 Ne8 11. Re1 f6 12. Nh4 g6 13. Qh6 Qe7 14. Nd1 Qg7 15. Qxg7+ Nxg7 16. Ne3 Nb6 17. g4 Kf7 18. Nhg2 g5 19. b4 Nd7 20. f3 cxb4 21. axb4 a5 22. Rec1 b6 23. c5 dxc5 24. bxa5 bxa5 25. Bb5 Ra7 26. Nc4 Ne8 27. Nge3 Nb8 28. Rxa5 Rxa5 29. Nxa5 Nd6 30. Rxc5 Nd7 31. Rxc8 Nxb5 32. Rxf8+ Kxf8 33. Nf5 Kf7 34. Nc4 Kf8 35. Kf2 Kg8 36. Ke3 Kf8 37. h4 gxh4 38. Nxh4 Nc7 39. f4 Nb5 40. fxe5 fxe5 41. Nf3 h6 42. Nfxe5 Nf6 43. Kf4 Nd4 44. Ne3 Ng8 45. Nc6 Ne2+ 46. Ke5 Ke8 47. Nf5 Kd7 48. Nb4 Ng1 49. Nd3 Nh3 50. Nc5+ Ke8 51. Ng7+ Kf7 52. Nf5 Ke8 53. Ne6 Nf2 54. Ne3 Kf7 55. Nd8+ Ke7 56. Nb7 Kf7 57. Nd6+ Ke7 58. Ndf5+ Kf7 59. Kd4 Nf6 60. Nxh6+ Kg6 61. e5 Nxd5 62. Kxd5 Kxh6 63. e6 Kg7 64. Ke5 Kf8 65. g5 Nd3+ 66. Kd6 Nf4 67. Nf5 Ng6 68. e7+ 1-0

[Event "Police Gniota Memorial 26th"]
[Site "Police"]
[Date "2011.07.12"]
[Round "9"]
[White "Moritz, Aron"]
[Black "Dogoda, Rafal"]
[Result "1-0"]
[WhiteElo "2091"]
[BlackElo "1870"]
[PlyCount "67"]
[EventDate "2011.07.05"]
[EventType "swiss"]
[EventRounds "9"]
[EventCountry "POL"]
[SourceTitle "CBM 143 Extra"]
[Source "ChessBase"]
[SourceDate "2011.08.29"]
[SourceVersion "1"]
[SourceVersionDate "2011.08.29"]
[SourceQuality "1"]

1. e4 e6 2. d4 d5 3. Nd2 Nf6 4. e5 Nfd7 5. c3 c5 6. Bd3 Nc6 7. Ne2 Qb6 8. Nf3 cxd4 9. cxd4 Bb4+ 10. Bd2 0-0 11. 0-0 f6 12. exf6 Nxf6 13. Bf4 Nh5 14. Be5 Nxe5 15. Nxe5 Bd6 16. Qc2 Bxe5 17. Bxh7+ Kh8 18. dxe5 Bd7 19. Bg6 Be8 20. g3 Bxg6 21. Qxg6 Rf5 22. Rad1 Raf8 23. Kh1 Qa6 24. Nd4 Rxe5 25. f4 Rf6 26. Qe8+ Kh7 27. Kg1 Nxf4 28. Rxf4 Rxf4 29. gxf4 Re4 30. Qh5+ Kg8 31. Nf3 Rxf4 32. Ng5 Qb6+ 33. Kh1 Qxb2 34. Qe8+ 1-0

[Event "Police Gniota Memorial 26th"]
[Site "Police"]
[Date "2011.07.09"]
[Round "5"]
[White "Maliszewski, Jaroslaw"]
[Black "Dogoda, Rafal"]
[Result "0-1"]
[WhiteElo "1825"]
[BlackElo "1870"]
[PlyCount "122"]
[EventDate "2011.07.05"]
[EventType "swiss"]
[EventRounds "9"]
[EventCountry "POL"]
[SourceTitle "CBM 143 Extra"]
[Source "ChessBase"]
[SourceDate "2011.08.29"]
[SourceVersion "1"]
[SourceVersionDate "2011.08.29"]
[SourceQuality "1"]

1. c4 e6 2. e4 d5 3. exd5 exd5 4. cxd5 Qxd5 5. Nc3 Qa5 6. Bc4 Nf6 7. Qb3 Qh5 8. Nf3 Bd6 9. d4 0-0 10. Bg5 Re8+ 11. Ne2 Ne4 12. Be3 Nc6 13. Bd3 Qa5+ 14. Nc3 Be6 15. Qb5 Nxc3 16. Qxa5 Nxa5 17. bxc3 Bc4 18. Bc2 Bd5 19. 0-0 Re7 20. Nd2 Nc4 21. Nxc4 Bxc4 22. Rfe1 Rae8 23. Bb3 Bxb3 24. axb3 Bf4 25. Rxa7 f5 26. Rxb7 Bd6 27. g3 f4 28. gxf4 Bxf4 29. Rb5 g5 30. h3 Kg7 31. Ra5 Kg6 32. Raa1 Bxe3 33. fxe3 Rxe3 34. Kf2 R3e6 35. Rxe6+ Rxe6 36. d5 Rf6+ 37. Ke3 Kh5 38. Ra4 Rf1 39. Rc4 Rh1 40. Rxc7 Rxh3+ 41. Ke4 Kg6 42. b4 Rh1 43. b5 Re1+ 44. Kf3 Rd1 45. c4 h5 46. b6 g4+ 47. Ke2 Rb1 48. b7 g3 49. Kf3 Rb3+ 50. Kg2 h4 51. c5 Rb2+ 52. Kf3 Rb3+ 53. Kf4 g2 54. Rc8 Kf7 55. Rc7+ Kg8 56. Rc8+ Kh7 57. Rc7+ Kh6 58. Rc6+ Kh5 59. Rb6 Rxb6 60. cxb6 g1Q 61. d6 Qg3+ 0-1

[Event "Szczecin Stoczni Nowa Cup"]
[Site "Szczecin"]
[Date "2008.10.11"]
[Round "6.3"]
[White "Rudnicki, Milosz"]
[Black "Dogoda, Rafal"]
[Result "1-0"]
[WhiteElo "2232"]
[BlackElo "1869"]
[PlyCount "51"]
[EventDate "2008.10.03"]
[EventType "swiss"]
[EventRounds "9"]
[EventCountry "POL"]
[SourceTitle "EXT 2023"]
[Source "ChessBase"]
[SourceDate "2022.10.05"]
[SourceVersion "1"]
[SourceVersionDate "2022.10.05"]
[SourceQuality "1"]

1. e4 e6 2. d4 d5 3. Nc3 Nf6 4. e5 Nfd7 5. f4 c5 6. Nf3 Qb6 7. Na4 Qa5+ 8. c3 cxd4 9. b4 Qc7 10. Nxd4 a6 11. Bd2 b5 12. Nb2 Nb6 13. a4 bxa4 14. Nxa4 Nc4 15. Bxc4 dxc4 16. Qe2 Bb7 17. f5 Be7 18. 0-0 Bd5 19. Qg4 Nc6 20. fxe6 Nxe5 21. exf7+ Bxf7 22. Qg3 0-0-0 23. Bf4 Bd6 24. Nf5 Rhe8 25. Nxd6+ Qxd6 26. Bxe5 1-0